| 000 | 00674cam a22002291 4500 | ||
|---|---|---|---|
| 001 | 50855 | ||
| 003 | BD-RjUL | ||
| 005 | 20211209075556.0 | ||
| 008 | 160828s1968 nyu 000 0 eng | ||
| 035 | _a(BD-RjUL)50975 | ||
| 040 |
_aDLC _cDLC _dICU _dDLC _dBD-RjUL _beng |
||
| 041 | _aeng | ||
| 082 | 0 | 0 |
_223 _a511.6 _bRIC 1968 |
| 100 | 1 |
_aRiordan, John, _d1903- _9152236 |
|
| 245 | 1 | 0 |
_aCombinatorial identities / _cJohn Riordan . |
| 260 |
_aNew York : _bWiley, _c1968 |
||
| 300 |
_axii, 256 p. ; _c23 cm. |
||
| 650 | 0 |
_aCombinatorial analysis. _9117582 |
|
| 942 |
_2ddc _cBK |
||
| 999 |
_c50855 _d50855 |
||